ბათუმის შოთა რუსთაველის სახელმწიფო უნივერსიტეტის ბიბლიოთეკა

Пик пларинование и контроль: (ბიბ.ჩანაწერი № 37241)

000 -LEADER
fixed length control field 00834nam a2200217Ia 4500
001 - CONTROL NUMBER
control field 3200
003 - CONTROL NUMBER IDENTIFIER
control field GE_BSU
008 - FIXED-LENGTH DATA ELEMENTS--GENERAL INFORMATION
fixed length control field 181216s||||||||xx |||||||||||||| ||und||
020 ## - INTERNATIONAL STANDARD BOOK NUMBER
International Standard Book Number 52790152 021
040 ## - CATALOGING SOURCE
Transcribing agency GE_BSU
080 ## - UNIVERSAL DECIMAL CLASSIFICATION NUMBER
Universal Decimal Classification number 336.148(075.8)+005.93
245 ## - TITLE STATEMENT
Title Пик пларинование и контроль:
245 ## - TITLE STATEMENT
Remainder of title Концепция контрола.=Planung und kontrolle, Planungs- und Kontrollsysteme, Planungs- und Kontrollrechnung.
245 ## - TITLE STATEMENT
Statement of responsibility, etc. Пер. с нем. под. ред. и предисл. А.А. Турчака М.Л.. Головачя, М. Л. Лукашевича.
260 ## - PUBLICATION, DISTRIBUTION, ETC.
Place of publication, distribution, etc. Москва
260 ## - PUBLICATION, DISTRIBUTION, ETC.
Name of publisher, distributor, etc. Финансы и Статистика
260 ## - PUBLICATION, DISTRIBUTION, ETC.
Date of publication, distribution, etc. 1997
300 ## - PHYSICAL DESCRIPTION
Extent 25 см. 25 см.
653 ## - INDEX TERM--UNCONTROLLED
Uncontrolled term Пик пларинование и контроль:
942 ## - ADDED ENTRY ELEMENTS (KOHA)
Koha item type წიგნი
ეგზემპლარები
Withdrawn status Lost status Damaged status Not for loan Date acquired Barcode Date last seen Price effective from Koha item type Public note
        2018-12-17 8248 2018-12-17 2018-12-17 წიგნი დარბაზი
        2018-12-17 8249 2018-12-17 2018-12-17 წიგნი დარდაზი
        2018-12-17 8250 2018-12-17 2018-12-17 წიგნი დარბაზი